000 00566cam a22002172a 4500
001 025942
003 AR-FADEU
008 311216n1984####xxu####################dd
020 _a950-614-292-0
092 _a108
_bA972
_eSOCIOLOGIA
100 _aAyer, Alfred J.
245 _aLenguaje, verdad y lógica
260 _aBuenos Aires
260 _bOrbis
260 _bHyspamerica
260 _c1984
300 _a189 p. : v. 44
440 _aHistoria del pensamiento
_n44
650 _aFILOSOFIA-COLECCION; PENSAMIENTO-COLECCION/SOCIOLOGIA/
942 _cBDGR
999 _c31626
_d31626